000 00467nam a2200181Ia 4500
001 8822
005 20260306160638.0
008 260306t2007||||xx |||||||||||||| ||spa||
041 _aESP
082 _a371.397
_bZ87
100 _aZorrillo Pallavicino, Alix
_eAUT
245 0 _aJuegos musicales para estimular la atención y la concentración
260 _c2007
300 _a141 páginas :
_c21 cm.
650 _aGEN
654 _aCED
942 _cLIB
_dJUS
_fJUS
_2ddc
_n
999 _c8822
_d8822